000 00175 a2200085 4500
020 _a9788997079735
100 _aDMP
245 _aSigns in Transport Infrastructure
260 _bDMP
999 _c12204
_d12204